Tin học ứng dụng trong tính toán kết cấu công trình /
Lập trình tính toán kết cấu, phương pháp phần tử hữu hạn tính hệ thanh phẳng, lập chương trình mẫu tính hệ thanh theo phương pháp phần tử hữu hạn và cách sử dụng chương trình.
Salvato in:
| Autore principale: | |
|---|---|
| Altri autori: | |
| Natura: | Libro |
| Lingua: | Vietnamese |
| Pubblicazione: |
Hà Nội :
Xây dựng,
1999.
|
| Soggetti: | |
| Tags: |
Aggiungi Tag
Nessun Tag, puoi essere il primo ad aggiungerne! !
|
| Thư viện lưu trữ: | Mạng thư viện Đại học Đà Nẵng |
|---|
| LEADER | 01189cam a2200361 i 4500 | ||
|---|---|---|---|
| 001 | 000042646 | ||
| 003 | 520 | ||
| 005 | 20041027095456.0 | ||
| 008 | 010217b1999 vm 000 vie | ||
| 020 | |c 12000 | ||
| 040 | |a IRC |c IRC |d IRC | ||
| 041 | 0 | |a vie | |
| 082 | 1 | 4 | |a 690.21 |b ĐĂ-T |
| 100 | 1 | |a Đặng Tỉnh. | |
| 245 | 1 | 0 | |a Tin học ứng dụng trong tính toán kết cấu công trình / |c Đặng Tỉnh, Nguyễn Huy Thịnh. |
| 260 | |a Hà Nội : |b Xây dựng, |c 1999. | ||
| 300 | |a 100 tr. ; |c 27 cm. | ||
| 520 | 3 | |a Lập trình tính toán kết cấu, phương pháp phần tử hữu hạn tính hệ thanh phẳng, lập chương trình mẫu tính hệ thanh theo phương pháp phần tử hữu hạn và cách sử dụng chương trình. | |
| 630 | 0 | 4 | |a Tin học. |
| 630 | 0 | 4 | |a Tin học ứng dụng. |
| 650 | 0 | 4 | |a Tin học ứng dụng. |
| 650 | 0 | 4 | |a Kết cấu công trình. |
| 700 | 1 | |a Nguyễn Huy Thịnh. | |
| OWN | |a DUT | ||
| 999 | |a From the UDN01 | ||
| TYP | |a Monograph | ||
| TYP | |a Printed language | ||
| 980 | |a Mạng thư viện Đại học Đà Nẵng | ||